Servei d'Informació Econòmica Municipal / Diputació de Barcelona
MARC
| LEADER | 00000nam a2200000Ia 4500 | ||
|---|---|---|---|
| 001 | 8172, 8173, 8174, 1895, 1896, 1897, 1898, 1894, 1893 | ||
| 008 | 160829s1985 xx 000 0 cat d | ||
| 080 | |a FU-23-1, FU-23-2, FU-23-3, FU-23-4, FU-23-5, FU-23-6, FU-23-7, FU-23-8, M-3-321 | ||
| 110 | 1 | |a Barcelona (Catalunya : Província). |b Servei d'Informació Econòmica Municipal |9 52724 | |
| 245 | |a Servei d'Informació Econòmica Municipal / Diputació de Barcelona | ||
| 260 | |a Barcelona : |b Diputació : |b CEP, Centre d'Estudis i Planificació, |c 1985 | ||
| 300 | |a 9 v. ; |c 30 cm | ||
| 650 | 0 | |a Finances municipals |z Barcelona (Província) |9 20808 | |
| 700 | |a Centre d'Estudis de Planificació |9 35043 | ||
| 866 | |a 1: Explicació; 2: Fitxer municipal. Qüestionari anual; 3: Fitxer municipal. Qüestionari trimestral; [4]: Fitxer municipal. Qüestionari trimestral : primer trimestre ; [5]: Fitxer municipal. Qüestionari trimestral : segon trimestre; [6]: Fitxer municipal. Qüestionari trimestral : tercer trimestre; [7]: Fitxer municipal. Qüestionari trimestral : quart trimestre; [8]: Fitxer municipal. Qüestionari anual; [9]: Guia d'interpretació dels indicadors | ||
| 901 | |a Arxiu | ||
| 942 | |n 1 | ||
| 952 | |0 0 |1 0 |4 0 |6 FU231_FU232_FU233_FU234_FU235_FU236_FU237_FU238_M3321 |7 1 |9 48772 |a Arxiu |b Arxiu |d 2016-12-01 |l 0 |o FU-23-1, FU-23-2, FU-23-3, FU-23-4, FU-23-5, FU-23-6, FU-23-7, FU-23-8, M-3-321 |p 8172, 8173, 8174, 18 |r 2016-12-01 00:00:00 |w 2016-12-01 |y ARXIU | ||
| 999 | |c 52603 |d 52603 | ||